[Event "Turkish Cup 2022"]
[Site "Sakarya"]
[Date "2022.03.28"]
[Round "6.44"]
[White "Ulku, Ahmet"]
[Black "Serbulent, Huseyin"]
[Result "1-0"]
[WhiteElo "1284"]
[BlackElo "1775"]
[Annotator "NA"]
[PlyCount "127"]
[EventDate "2022.03.25"]
[EventType "swiss"]
[EventCountry "TUR"]
[SourceTitle "playchess.com"]
[Source "ChessBase"]
[SourceQuality "1"]
[TimeControl "5400+30"]

1. e4 c5 2. Nf3 d6 3. Bb5+ Bd7 4. Bxd7+ Qxd7 5. O-O g6 6. c3 Bg7 7. d4 {[%emt 0:01:00]} e6 {[%emt 0:02:00]} 8. Bf4 {[%emt 0:02:30]} Ne7 {[%emt 0:06:30]} 9. Qc1 {[%emt 0:03:30]} O-O {[%emt 0:00:00]} 10. Na3 {[%emt 0:04:30]} cxd4 {[%emt 0:01:00]} 11. cxd4 {[%emt 0:01:30]} Rc8 {[%emt 0:02:30]} 12. Qd2 {[%emt 0:00:30]} Na6 {[%emt 0:00:00]} 13. Rac1 {[%emt 0:01:30]} d5 {[%emt 0:00:00]} 14. e5 {[%emt 0:00:00]} Nf5 {[%emt 0:02:30]} 15. Nc2 {[%emt 0:04:00]} Qa4 {[%emt 0:03:30]} 16. a3 {[%emt 0:02:30]} Rc4 {[%emt 0:05:30]} 17. Ne3 {[%emt 0:02:30]} Nxe3 {[%emt 0:01:30]} 18. Qxe3 {[%emt 0:00:00]} Qb5 {[%emt 0:08:30]} 19. b3 {[%emt 0:02:00]} Rc6 {[%emt 0:00:30]} 20. Rxc6 {[%emt 0:00:30]} bxc6 {[%emt 0:03:30]} 21. Rc1 {[%emt 0:03:30]} Rc8 {[%emt 0:01:30]} 22. b4 {[%emt 0:04:30]} Nb8 {[%emt 0:00:30]} 23. Bh6 {[%emt 0:02:30]} Nd7 {[%emt 0:00:00]} 24. Bxg7 {[%emt 0:01:30]} Kxg7 {[%emt 0:00:00]} 25. h4 {[%emt 0:00:30]} a5 {[%emt 0:00:30]} 26. bxa5 {[%emt 0:00:30]} Qxa5 {[%emt 0:00:30]} 27. Rb1 {[%emt 0:03:30]} Nb6 {[%emt 0:05:30]} 28. Qg5 {[%emt 0:02:30]} h6 {[%emt 0:06:30]} 29. Qf6+ {[%emt 0:00:30]} Kg8 {[%emt 0:00:30]} 30. h5 {[%emt 0:01:30]} Nd7 {[%emt 0:00:30]} 31. Qe7 {[%emt 0:07:30]} Qd8 {[%emt 0:00:30]} 32. Qxd8+ {[%emt 0:00:30]} Rxd8 {[%emt 0:00:30]} 33. hxg6 {[%emt 0:00:30]} fxg6 {[%emt 0:00:30]} 34. Rb7 {[%emt 0:00:30]} c5 {[%emt 0:00:30]} 35. dxc5 {[%emt 0:00:30]} Nxc5 {[%emt 0:00:30]} 36. Rc7 {[%emt 0:00:00]} Nb3 {[%emt 0:06:30]} 37. Re7 {[%emt 0:04:00]} d4 {[%emt 0:09:30]} 38. Rxe6 {[%emt 0:00:30]} Kf7 {[%emt 0:03:30]} 39. Rb6 {[%emt 0:01:30]} Nc5 {[%emt 0:00:30]} 40. Rf6+ {[%emt 0:01:30]} Ke7 {[%emt 0:01:30]} 41. Rxg6 {[%emt 0:01:30]} Ne6 {[%emt 0:00:30]} 42. Rxh6 {[%emt 0:09:30]} d3 {[%emt 0:01:30]} 43. Rh7+ {[%emt 0:00:30]} Ke8 {[%emt 0:00:00]} 44. Rh8+ {[%emt 0:00:00]} Nf8 {[%emt 0:00:00]} 45. Nd2 {[%emt 0:00:00]} Ra8 {[%emt 0:00:30]} 46. f4 {[%emt 0:01:30]} Rxa3 {[%emt 0:00:30]} 47. Kf2 {[%emt 0:00:30]} Kf7 {[%emt 0:00:30]} 48. Ke3 {[%emt 0:01:30]} Kg7 {[%emt 0:00:30]} 49. Rh1 {[%emt 0:00:30]} Ng6 {[%emt 0:01:30]} 50. Rb1 {[%emt 0:01:30]} Ra2 {[%emt 0:01:30]} 51. g3 {[%emt 0:00:30]} Ra4 {[%emt 0:01:30]} 52. Rb3 {[%emt 0:02:30]} Ne7 {[%emt 0:00:30]} 53. Kxd3 {[%emt 0:01:30]} Nd5 {[%emt 0:00:30]} 54. Nc4 {[%emt 0:02:30]} Ra1 {[%emt 0:00:30]} 55. Ke4 {[%emt 0:03:30]} Ne7 {[%emt 0:00:00]} 56. g4 {[%emt 0:01:30]} Ra4 {[%emt 0:00:00]} 57. Rc3 {[%emt 0:00:30]} Ra7 {[%emt 0:00:00]} 58. f5 {[%emt 0:00:30]} Ng8 {[%emt 0:00:00]} 59. g5 {[%emt 0:02:30]} Kh8 {[%emt 0:00:30]} 60. f6 {[%emt 0:00:30]} Kh7 {[%emt 0:01:30]} 61. Kf5 {[%emt 0:00:30]} Nh6+ {[%emt 0:00:30]} 62. gxh6 {[%emt 0:00:00]} Kh8 {[%emt 0:00:30]} 63. Nd6 {[%emt 0:01:00]} Kh7 {[%emt 0:00:30]} 64. f7 {[%emt 0:00:30]} 1-0

[Event "Turkish Cup 2022"]
[Site "Sakarya"]
[Date "2022.03.28"]
[Round "6.45"]
[White "Aysoy, Veysi"]
[Black "Kandaz, Berat Efe"]
[Result "0-1"]
[WhiteElo "1811"]
[BlackElo "1519"]
[Annotator "NA"]
[PlyCount "46"]
[EventDate "2022.03.25"]
[EventType "swiss"]
[EventCountry "TUR"]
[SourceTitle "playchess.com"]
[Source "ChessBase"]
[SourceQuality "1"]
[TimeControl "5400+30"]

1. e4 {[%emt 0:02:00]} c5 {[%emt 0:01:00]} 2. Nf3 {[%emt 0:03:30]} d6 {[%emt 0:00:30]} 3. d4 {[%emt 0:00:30]} cxd4 {[%emt 0:00:30]} 4. Nxd4 {[%emt 0:00:30]} Nf6 {[%emt 0:00:30]} 5. Nc3 {[%emt 0:00:30]} a6 {[%emt 0:00:30]} 6. Bg5 {[%emt 0:00:30]} e6 {[%emt 0:00:30]} 7. f4 {[%emt 0:00:30]} Be7 {[%emt 0:00:30]} 8. Qf3 {[%emt 0:00:30]} Qc7 {[%emt 0:00:30]} 9. O-O-O {[%emt 0:00:30]} Nbd7 {[%emt 0:00:30]} 10. g4 {[%emt 0:00:30]} h6 {[%emt 0:00:30]} 11. Bh4 {[%emt 0:00:30]} g5 {[%emt 0:00:30]} 12. fxg5 {[%emt 0:12:30]} Ne5 {[%emt 0:00:00]} 13. Ndb5 {[%emt 0:17:30]} axb5 {[%emt 0:05:00]} 14. Nxb5 {[%emt 0:02:30]} Qc6 {[%emt 0:16:30]} 15. Nxd6+ {[%emt 0:16:30]} Bxd6 {[%emt 0:03:30]} 16. Qxf6 {[%emt 0:01:30]} Ng6 {[%emt 0:03:30]} 17. gxh6 {[%emt 0:06:30]} Be7 {[%emt 0:02:30]} 18. Rd8+ {[%emt 0:10:30]} Kxd8 {[%emt 0:00:30]} 19. Qd4+ {[%emt 0:00:00]} Bd7 {[%emt 0:02:30]} 20. Bxe7+ {[%emt 0:03:00]} Kxe7 {[%emt 0:00:30]} 21. Bc4 {[%emt 0:02:02]} e5 {[%emt 0:02:30]} 22. Qd3 {[%emt 0:01:41]} Be6 {[%emt 0:00:30]} 23. Bd5 {[%emt 0:00:20]} Nf4 {[%emt 0:01:30]} 0-1

[Event "Turkish Cup 2022"]
[Site "Sakarya"]
[Date "2022.03.28"]
[Round "6.46"]
[White "Onem, Cem"]
[Black "Dolek, Gokalp Deniz"]
[Result "0-1"]
[WhiteElo "1793"]
[BlackElo "1520"]
[Annotator "NA"]
[PlyCount "80"]
[EventDate "2022.03.25"]
[EventType "swiss"]
[EventCountry "TUR"]
[SourceTitle "playchess.com"]
[Source "ChessBase"]
[SourceQuality "1"]
[TimeControl "5400+30"]

1. d4 d5 2. c4 Bf5 3. Nc3 e6 {[%emt 0:01:00]} 4. Nf3 {[%emt 0:02:30]} Nf6 {[%emt 0:00:00]} 5. e3 {[%emt 0:02:30]} c6 {[%emt 0:01:00]} 6. Qb3 {[%emt 0:00:30]} Qb6 {[%emt 0:00:30]} 7. c5 {[%emt 0:00:30]} Qc7 {[%emt 0:00:30]} 8. Nh4 {[%emt 0:00:30]} Bg4 {[%emt 0:01:30]} 9. h3 {[%emt 0:00:30]} Bh5 {[%emt 0:00:00]} 10. g4 {[%emt 0:01:30]} Bg6 {[%emt 0:00:00]} 11. Nxg6 {[%emt 0:00:00]} hxg6 {[%emt 0:00:30]} 12. Bg2 {[%emt 0:00:00]} Nbd7 {[%emt 0:01:30]} 13. Bd2 {[%emt 0:02:30]} e5 {[%emt 0:04:30]} 14. Qc2 {[%emt 0:03:30]} Be7 {[%emt 0:05:30]} 15. O-O-O {[%emt 0:00:30]} O-O-O {[%emt 0:01:30]} 16. Kb1 {[%emt 0:01:30]} Rhe8 {[%emt 0:01:30]} 17. f4 {[%emt 0:01:30]} e4 {[%emt 0:00:30]} 18. Bf1 {[%emt 0:00:30]} Rh8 {[%emt 0:00:30]} 19. Be2 {[%emt 0:00:30]} Rh7 {[%emt 0:01:30]} 20. g5 {[%emt 0:04:30]} Nh5 {[%emt 0:02:30]} 21. Bg4 {[%emt 0:00:30]} Ng3 {[%emt 0:00:30]} 22. Rhg1 {[%emt 0:00:00]} Nf5 {[%emt 0:00:30]} 23. Ne2 {[%emt 0:02:00]} Kb8 {[%emt 0:04:30]} 24. Ng3 {[%emt 0:01:30]} Nxg3 {[%emt 0:01:30]} 25. Rxg3 {[%emt 0:00:30]} Bxg5 {[%emt 0:00:30]} 26. Rg2 {[%emt 0:03:30]} Be7 {[%emt 0:04:30]} 27. f5 {[%emt 0:02:30]} gxf5 {[%emt 0:00:30]} 28. Bxf5 {[%emt 0:00:30]} g6 {[%emt 0:00:00]} 29. Bg4 {[%emt 0:00:30]} f5 {[%emt 0:00:00]} 30. Be2 {[%emt 0:01:30]} g5 {[%emt 0:00:30]} 31. Rf2 {[%emt 0:03:30]} Rf8 {[%emt 0:01:30]} 32. Rdf1 {[%emt 0:02:30]} Rhf7 {[%emt 0:00:30]} 33. Bg4 {[%emt 0:03:30]} f4 {[%emt 0:00:30]} 34. exf4 {[%emt 0:02:30]} gxf4 {[%emt 0:00:30]} 35. Bxd7 {[%emt 0:00:00]} Qxd7 {[%emt 0:00:00]} 36. Rxf4 {[%emt 0:06:00]} Rxf4 {[%emt 0:01:00]} 37. Bxf4+ {[%emt 0:00:30]} Kc8 {[%emt 0:00:30]} 38. Qg2 {[%emt 0:00:30]} Qf5 {[%emt 0:00:00]} 39. Qg7 {[%emt 0:05:30]} e3+ {[%emt 0:03:00]} 40. Kc1 {[%emt 0:00:30]} e2 {[%emt 0:00:00]} 0-1

[Event "Turkish Cup 2022"]
[Site "Sakarya"]
[Date "2022.03.28"]
[Round "6.47"]
[White "Yenil, Mucahit"]
[Black "Sahin, Fehim"]
[Result "0-1"]
[WhiteElo "1736"]
[BlackElo "1648"]
[Annotator "NA"]
[PlyCount "64"]
[EventDate "2022.03.25"]
[EventType "swiss"]
[EventCountry "TUR"]
[SourceTitle "playchess.com"]
[Source "ChessBase"]
[SourceQuality "1"]
[TimeControl "5400+30"]

1. d4 c6 2. Nf3 d5 3. b3 {[%emt 0:01:00]} Bf5 {[%emt 0:02:00]} 4. Bb2 {[%emt 0:00:30]} Nf6 {[%emt 0:00:30]} 5. Nbd2 {[%emt 0:00:30]} e6 {[%emt 0:00:30]} 6. e3 {[%emt 0:00:30]} Nbd7 {[%emt 0:00:30]} 7. Be2 {[%emt 0:00:30]} Bd6 {[%emt 0:00:30]} 8. Ne5 {[%emt 0:00:00]} Ne4 {[%emt 0:00:00]} 9. h4 {[%emt 0:02:00]} h6 {[%emt 0:01:00]} 10. Nxe4 {[%emt 0:02:30]} Bxe4 {[%emt 0:01:30]} 11. f3 {[%emt 0:00:00]} Bh7 {[%emt 0:01:30]} 12. Bd3 {[%emt 0:00:00]} Bxd3 {[%emt 0:00:30]} 13. Qxd3 {[%emt 0:00:30]} Nxe5 {[%emt 0:00:30]} 14. dxe5 {[%emt 0:00:30]} Be7 {[%emt 0:00:30]} 15. g3 {[%emt 0:01:30]} Qb6 {[%emt 0:01:30]} 16. O-O-O {[%emt 0:00:30]} a5 {[%emt 0:00:30]} 17. a4 {[%emt 0:01:30]} Qa6 {[%emt 0:02:30]} 18. Qxa6 {[%emt 0:00:30]} Rxa6 {[%emt 0:00:00]} 19. f4 {[%emt 0:00:30]} b5 {[%emt 0:00:00]} 20. axb5 {[%emt 0:00:30]} cxb5 {[%emt 0:00:30]} 21. e4 {[%emt 0:02:30]} dxe4 {[%emt 0:00:30]} 22. Rhe1 {[%emt 0:00:30]} g5 {[%emt 0:00:30]} 23. hxg5 {[%emt 0:04:30]} hxg5 {[%emt 0:00:00]} 24. Rxe4 {[%emt 0:00:30]} a4 {[%emt 0:02:00]} 25. Kb1 {[%emt 0:02:30]} Rh3 {[%emt 0:02:30]} 26. bxa4 {[%emt 0:00:00]} bxa4 {[%emt 0:00:30]} 27. Rc4 {[%emt 0:00:00]} Ra8 {[%emt 0:00:30]} 28. fxg5 {[%emt 0:00:30]} Rxg3 {[%emt 0:01:30]} 29. Rh4 {[%emt 0:00:30]} a3 {[%emt 0:02:30]} 30. Rh8+ {[%emt 0:02:30]} Bf8 {[%emt 0:00:00]} 31. Rdh1 {[%emt 0:02:30]} Rxg5 {[%emt 0:05:00]} 32. Rxf8+ {[%emt 0:00:30]} Kxf8 {[%emt 0:00:30]} 0-1

[Event "Turkish Cup 2022"]
[Site "Sakarya"]
[Date "2022.03.29"]
[Round "7.1"]
[White "Kirilmaz, Emre"]
[Black "Sevgi, Volkan"]
[Result "1/2-1/2"]
[WhiteElo "2229"]
[BlackElo "2344"]
[Annotator "ChessBase"]
[PlyCount "154"]
[EventDate "2022.03.25"]
[EventType "swiss"]
[EventCountry "TUR"]
[SourceTitle "playchess.com"]
[Source "ChessBase"]
[SourceQuality "1"]
[TimeControl "5400+30"]

1. d4 {[%emt 0:13:00]} Nf6 {[%emt 0:01:00]} 2. Nf3 {[%emt 0:03:30]} e6 {[%emt 0:01:30]} 3. Bg5 {[%emt 0:00:00]} h6 {[%emt 0:00:00]} 4. Bh4 {[%emt 0:00:00]} c5 {[%emt 0:04:00]} 5. e3 {[%emt 0:04:30]} Qb6 {[%emt 0:02:30]} 6. Qc1 {[%emt 0:07:30]} cxd4 {[%emt 0:09:30]} 7. Bxf6 {[%emt 0:00:30]} gxf6 {[%emt 0:00:30]} 8. exd4 {[%emt 0:00:30]} Nc6 {[%emt 0:00:30]} 9. c3 {[%emt 0:00:30]} d5 {[%emt 0:00:30]} 10. Be2 {[%emt 0:04:30]} e5 {[%emt 0:00:30]} 11. O-O {[%emt 0:00:30]} Be6 {[%emt 0:03:30]} 12. Nbd2 {[%emt 0:24:30]} Rc8 {[%emt 0:03:30]} 13. Nb3 {[%emt 0:03:30]} h5 {[%emt 0:04:30]} 14. Re1 {[%emt 0:08:30]} e4 {[%emt 0:05:30]} 15. Nfd2 {[%emt 0:02:30]} h4 {[%emt 0:02:30]} 16. Nf1 {[%emt 0:05:07]} Bd6 {[%emt 0:09:30]} 17. Nc5 {[%emt 0:04:07]} Bxc5 {[%emt 0:03:30]} 18. dxc5 {[%emt 0:01:01]} Qxc5 {[%emt 0:00:30]} 19. Qf4 {[%emt 0:00:30]} f5 {[%emt 0:00:30]} 20. Ne3 {[%emt 0:00:30]} Ne7 {[%emt 0:00:00]} 21. Rad1 {[%emt 0:02:41]} Ng6 {[%emt 0:08:00]} 22. Qg5 {[%emt 0:00:30]} Qe7 {[%emt 0:00:30]} 23. Bb5+ {[%emt 0:00:30]} Kf8 {[%emt 0:02:30]} 24. Qxe7+ {[%emt 0:01:56]} Nxe7 {[%emt 0:00:30]} 25. f4 {[%emt 0:00:00]} Rc5 {[%emt 0:09:30]} 26. Ba4 {[%emt 0:00:30]} b5 {[%emt 0:00:30]} 27. Bb3 {[%emt 0:00:30]} a5 {[%emt 0:00:30]} 28. a3 {[%emt 0:01:49]} Kg7 {[%emt 0:02:30]} 29. Rd2 {[%emt 0:00:54]} Rb8 {[%emt 0:11:31]} 30. Nc2 {[%emt 0:08:08]} Nc6 {[%emt 0:01:53]} 31. Nd4 {[%emt 0:01:25]} b4 {[%emt 0:02:29]} 32. cxb4 {[%emt 0:00:56]} axb4 {[%emt 0:00:48]} 33. Nxc6 {[%emt 0:00:36]} Rxc6 {[%emt 0:00:02]} 34. a4 {[%emt 0:00:07]} d4 {[%emt 0:06:28]} 35. Bxe6 {[%emt 0:00:14]} fxe6 {[%emt 0:00:30]} 36. Rxd4 {[%emt 0:00:30]} b3 {[%emt 0:00:30]} 37. Kf2 {[%emt 0:00:47]} Kf6 {[%emt 0:00:00]} 38. a5 {[%emt 0:00:57]} e5 {[%emt 0:00:00]} 39. fxe5+ {[%emt 0:00:47]} Kxe5 {[%emt 0:00:22]} 40. Ra4 {[%emt 0:00:30]} Rg8 {[%emt 0:01:47]} 41. Re2 {[%emt 0:00:14]} Rgg6 {[%emt 0:04:24]} 42. Rb4 {[%emt 0:00:55]} Rc5 {[%emt 0:00:30]} 43. Rxb3 {[%emt 0:00:30]} Rxa5 {[%emt 0:00:30]} 44. g3 {[%emt 0:00:04]} h3 {[%emt 0:00:19]} 45. Rb8 {[%emt 0:00:30]} Rd6 {[%emt 0:00:30]} 46. Re8+ {[%emt 0:00:30]} Kf6 {[%emt 0:00:30]} 47. Rh8 {[%emt 0:00:00]} Rd1 {[%emt 0:01:24]} 48. Rxh3 {[%emt 0:00:25]} Raa1 {[%emt 0:00:30]} 49. Rh8 {[%emt 0:00:30]} Rg1 {[%emt 0:00:00]} 50. Rf8+ {[%emt 0:01:29]} Ke6 {[%emt 0:00:27]} 51. Re8+ {[%emt 0:00:30]} Kf6 {[%emt 0:00:30]} 52. Rf8+ {[%emt 0:00:30]} Ke7 {[%emt 0:01:20]} 53. Rh8 {[%emt 0:00:42]} Kf7 {[%emt 0:00:30]} 54. Rc2 {[%emt 0:00:30]} Raf1+ {[%emt 0:00:30]} 55. Ke3 {[%emt 0:00:30]} Kg7 {[%emt 0:00:30]} 56. Ra8 {[%emt 0:00:00]} Rf3+ {[%emt 0:00:40]} 57. Kd4 {[%emt 0:00:21]} Rd1+ {[%emt 0:00:30]} 58. Ke5 {[%emt 0:00:30]} Rd7 {[%emt 0:00:00]} 59. Rcc8 {[%emt 0:01:07]} Re7+ {[%emt 0:00:00]} 60. Kd6 {[%emt 0:00:00]} Kf6 {[%emt 0:00:22]} 61. Rf8+ {[%emt 0:00:37]} Rf7 {[%emt 0:00:00]} 62. Rxf7+ {[%emt 0:00:27]} Kxf7 {[%emt 0:00:02]} 63. Ra1 {[%emt 0:00:26]} Rb3 {[%emt 0:00:30]} 64. Ke5 {[%emt 0:00:30]} Kg6 {[%emt 0:00:30]} 65. h4 {[%emt 0:01:07]} Rf3 {[%emt 0:01:54]} 66. g4 {[%emt 0:00:30]} fxg4 {[%emt 0:00:12]} 67. Kxe4 {[%emt 0:00:42]} Rb3 {[%emt 0:00:30]} 68. Ra5 {[%emt 0:00:00]} Rb4+ {[%emt 0:01:45]} 69. Ke3 {[%emt 0:00:00]} Kh6 {[%emt 0:00:27]} 70. Rg5 {[%emt 0:00:21]} Rb3+ {[%emt 0:00:30]} 71. Kf4 {[%emt 0:00:30]} Rxb2 {[%emt 0:00:30]} 72. Rxg4 {[%emt 0:00:30]} Rb4+ {[%emt 0:00:00]} 73. Kf3 {[%emt 0:00:00]} Rxg4 {[%emt 0:00:01]} 74. Kxg4 {[%emt 0:00:00]} Kh7 {[%emt 0:00:30]} 75. h5 {[%emt 0:00:28]} Kg7 {[%emt 0:00:30]} 76. h6+ {[%emt 0:00:30]} Kh7 {[%emt 0:00:30]} 77. Kf5 {[%emt 0:00:30]} Kxh6 {[%emt 0:00:00]} 1/2-1/2

[Event "Turkish Cup 2022"]
[Site "Sakarya"]
[Date "2022.03.29"]
[Round "7.2"]
[White "Samani, Yamac"]
[Black "Ozsakallioglu, Okan"]
[Result "1-0"]
[WhiteElo "2257"]
[BlackElo "2270"]
[Annotator "TA"]
[PlyCount "69"]
[EventDate "2022.03.25"]
[EventType "swiss"]
[EventCountry "TUR"]
[SourceTitle "playchess.com"]
[Source "ChessBase"]
[SourceQuality "1"]
[TimeControl "5400+30"]

{[%evp 24,69,90,77,212,209,212,214,206,217,207,207,220,204,214,211,211,215,263,270,252,222,228,221,245,247,256,249,325,309,360,348,305,295,328,290,306,308,293,295,411,408,584,578,665,660,635,630]} 1. e4 d6 {[%emt 0:05:00]} 2. d4 {[%emt 0:02:30]} Nf6 {[%emt 0:00:30]} 3. Nc3 {[%emt 0:00:30]} e5 {[%emt 0:00:30]} 4. Nf3 {[%emt 0:00:30]} Nbd7 {[%emt 0:00:00]} 5. Bc4 {[%emt 0:01:30]} Be7 {[%emt 0:00:00]} 6. a4 {[%emt 0:01:30]} O-O {[%emt 0:02:30]} 7. O-O {[%emt 0:00:30]} c6 {[%emt 0:00:00]} 8. Re1 {[%emt 0:02:30]} b6 {[%emt 0:08:00]} 9. h3 {[%emt 0:01:30]} Bb7 {[%emt 0:00:30]} 10. dxe5 {[%emt 0:10:30]} dxe5 {[%emt 0:00:30]} 11. Nh4 {[%emt 0:05:30]} g6 {[%emt 0:09:30]} 12. Bh6 {[%emt 0:00:30]} Re8 {[%emt 0:02:30]} 13. Qf3 {[%emt 0:09:30]} Bf8 {[%emt 0:01:30]} (13... Qc7 $16 {was called for.}) 14. Bg5 $18 {[%emt 0:01:30]} Bg7 {[%emt 0:19:30]} 15. Rad1 {[%emt 0:01:30]} Qe7 {[%emt 0:01:30]} 16. Rxd7 $1 {[%emt 0:02:30]} Qxd7 {[%emt 0:00:30]} 17. Bxf6 {[%emt 0:00:30]} Bxf6 {[%emt 0:00:30]} 18. Qxf6 {[%emt 0:00:30]} Qe7 {[%emt 0:00:00]} 19. Qxe7 {[%emt 0:03:30]} Rxe7 {[%emt 0:00:00]} 20. Rd1 {[%emt 0:00:00]} a6 {[%emt 0:03:30]} 21. Nf3 {[%emt 0:04:00]} b5 {[%emt 0:00:30]} 22. axb5 {[%emt 0:01:30]} axb5 {[%emt 0:00:00]} 23. Bb3 {[%emt 0:00:30]} h6 {[%emt 0:00:00]} 24. h4 {[%emt 0:09:30]} Kg7 {[%emt 0:03:30]} 25. h5 {[%emt 0:05:30]} g5 {[%emt 0:03:30]} 26. Rd6 {[%emt 0:02:30]} c5 {[%emt 0:09:30]} 27. Nxb5 {[%emt 0:06:30]} Bxe4 {[%emt 0:00:30]} 28. Nc3 {[%emt 0:03:30]} Bb7 {[%emt 0:04:30]} 29. Nd5 {[%emt 0:05:47]} Bxd5 {[%emt 0:08:53]} 30. Rxd5 {[%emt 0:00:30]} ({Resist} 30. Bxd5 $6 Raa7 31. g4 Ra4 $18) 30... Ra1+ {[%emt 0:00:30]} 31. Kh2 {[%emt 0:00:17]} e4 {[%emt 0:02:00]} 32. Ne5 {[%emt 0:00:40]} Rf1 {[%emt 0:00:30]} (32... Rc7 $142 33. Nc4 Ra6) 33. Ng4 $18 {[%emt 0:00:30]} Rc7 {[%emt 0:00:30]} 34. Bc4 {[%emt 0:00:30]} Rc1 {[%emt 0:00:30]} 35. Ne3 {[%emt 0:00:30]} 1-0

[Event "Turkish Cup 2022"]
[Site "Sakarya"]
[Date "2022.03.29"]
[Round "7.3"]
[White "Guven, Oguz Kagan"]
[Black "Yurtseven, Melih"]
[Result "0-1"]
[WhiteElo "2157"]
[BlackElo "2388"]
[Annotator "NA"]
[PlyCount "104"]
[EventDate "2022.03.25"]
[EventType "swiss"]
[EventCountry "TUR"]
[SourceTitle "playchess.com"]
[Source "ChessBase"]
[SourceQuality "1"]
[TimeControl "5400+30"]

1. d4 Nf6 2. Bf4 {[%emt 0:04:30]} d5 {[%emt 0:03:30]} 3. e3 {[%emt 0:00:30]} e6 {[%emt 0:00:30]} 4. Nf3 {[%emt 0:00:30]} Be7 {[%emt 0:00:30]} 5. Nbd2 {[%emt 0:03:30]} Nh5 {[%emt 0:02:30]} 6. Be5 {[%emt 0:00:30]} Nd7 {[%emt 0:03:30]} 7. Bd3 {[%emt 0:01:30]} c5 {[%emt 0:00:30]} 8. c3 {[%emt 0:01:30]} Qb6 {[%emt 0:09:30]} 9. Rb1 {[%emt 0:05:30]} cxd4 {[%emt 0:14:30]} 10. Bxd4 {[%emt 0:23:30]} Qc7 {[%emt 0:00:30]} 11. O-O {[%emt 0:00:30]} Nhf6 {[%emt 0:05:30]} 12. e4 {[%emt 0:05:30]} e5 {[%emt 0:00:30]} 13. Be3 {[%emt 0:03:30]} O-O {[%emt 0:00:30]} 14. exd5 {[%emt 0:13:30]} Nxd5 {[%emt 0:01:30]} 15. Bg5 {[%emt 0:02:30]} N7f6 {[%emt 0:00:30]} 16. Re1 {[%emt 0:01:30]} h6 {[%emt 0:00:30]} 17. Bxf6 {[%emt 0:03:30]} Bxf6 {[%emt 0:03:30]} 18. Ne4 {[%emt 0:03:30]} Be6 {[%emt 0:07:30]} 19. Nxf6+ {[%emt 0:03:30]} Nxf6 {[%emt 0:01:30]} 20. Nxe5 {[%emt 0:01:34]} Bxa2 {[%emt 0:00:30]} 21. Ra1 {[%emt 0:00:26]} Be6 {[%emt 0:00:00]} 22. Qf3 {[%emt 0:05:03]} Rfd8 {[%emt 0:01:00]} 23. h3 {[%emt 0:01:38]} Rd6 {[%emt 0:01:30]} 24. Bf5 {[%emt 0:02:53]} Bxf5 {[%emt 0:00:30]} 25. Qxf5 {[%emt 0:00:30]} Rd5 {[%emt 0:06:30]} 26. Re3 {[%emt 0:03:34]} Re8 {[%emt 0:04:30]} 27. Rae1 {[%emt 0:00:30]} Re6 {[%emt 0:19:30]} 28. Qf4 {[%emt 0:04:47]} Rdxe5 {[%emt 0:00:00]} 29. Rxe5 {[%emt 0:00:18]} Nd7 {[%emt 0:00:00]} 30. Rxe6 {[%emt 0:02:30]} Qxf4 {[%emt 0:00:00]} 31. Re8+ {[%emt 0:00:01]} Kh7 {[%emt 0:00:00]} 32. R8e7 {[%emt 0:00:01]} Nc5 {[%emt 0:00:00]} 33. R1e3 {[%emt 0:00:01]} a5 {[%emt 0:02:54]} 34. g3 {[%emt 0:00:55]} Qf5 {[%emt 0:02:45]} 35. R7e5 {[%emt 0:00:16]} Qc8 {[%emt 0:00:00]} 36. Re7 {[%emt 0:00:21]} a4 {[%emt 0:02:51]} 37. Rxf7 {[%emt 0:00:25]} Qxh3 {[%emt 0:00:13]} 38. Rf4 {[%emt 0:00:52]} Qh5 {[%emt 0:00:59]} 39. Rd4 {[%emt 0:00:30]} Qf5 {[%emt 0:00:29]} 40. Re2 {[%emt 0:00:54]} b5 {[%emt 0:02:03]} 41. Kg2 {[%emt 0:00:13]} Nd3 {[%emt 0:00:27]} 42. f3 {[%emt 0:01:17]} Nc1 {[%emt 0:00:34]} 43. Ree4 {[%emt 0:00:42]} Nb3 {[%emt 0:00:30]} 44. Rd1 {[%emt 0:00:01]} Nc5 {[%emt 0:01:13]} 45. Red4 {[%emt 0:00:30]} Nb3 {[%emt 0:00:30]} 46. Re4 {[%emt 0:00:30]} Na5 {[%emt 0:00:30]} 47. g4 {[%emt 0:00:11]} Qf7 {[%emt 0:00:00]} 48. Rde1 {[%emt 0:00:30]} Nc4 {[%emt 0:00:28]} 49. R1e2 {[%emt 0:00:30]} Qf6 {[%emt 0:00:00]} 50. Rd4 {[%emt 0:01:16]} Qg5 {[%emt 0:00:10]} 51. Rd7 {[%emt 0:01:34]} Qc1 {[%emt 0:00:30]} 52. Rd5 {[%emt 0:00:30]} Ne3+ {[%emt 0:00:30]} 0-1